00445nam a2200121Ia 4500008004100000041001200041082001200053100005800065245008400123260006000207300001000267536004600277211220s9999 xx 000 0 eng d aEnglish aRM.0390 aMohanty, ArunuJawaharlal Nehru UniversityvNew Delhi 0aRole of Islam in shaping Russia's domestic and foreign policies /cArun Mohanty aNew Delhi :bIndian Council oF Social Science Research, a214p. aIndian Council of Social Science Research